Unit operations of chemical engineering (Record no. 3799)

000 -LEADER
fixed length control field 00652nam a2200241 a 4500
001 - CONTROL NUMBER
control field 3799
003 - CONTROL NUMBER IDENTIFIER
control field BD-DhUET
008 - FIXED-LENGTH DATA ELEMENTS--GENERAL INFORMATION
fixed length control field 850523s1985 nyua b 001 0 eng
020 ## - INTERNATIONAL STANDARD BOOK NUMBER
International Standard Book Number 0070448280
040 ## - CATALOGING SOURCE
Modifying agency BD-DhUET
Transcribing agency 0
082 0# - DEWEY DECIMAL CLASSIFICATION NUMBER
Classification number 660.2842
Item number MCC/1985
100 1# - MAIN ENTRY--PERSONAL NAME
Personal name McCabe, Warren L.
245 10 - TITLE STATEMENT
Title Unit operations of chemical engineering
250 ## - EDITION STATEMENT
Edition statement 4th ed.
260 ## - PUBLICATION, DISTRIBUTION, ETC. (IMPRINT)
Place of publication, distribution, etc. New York
Name of publisher, distributor, etc. McGraw-Hill
Date of publication, distribution, etc. 1985
300 ## - PHYSICAL DESCRIPTION
Extent x, 960 p.
Other physical details ill.
Dimensions 25 cm.
490 1# - SERIES STATEMENT
Series statement McGraw-Hill chemical engineering series
504 ## - BIBLIOGRAPHY, ETC. NOTE
Bibliography, etc Includes bibliographies
650 #0 - SUBJECT ADDED ENTRY--TOPICAL TERM
Topical term or geographic name as entry element Chemical Processer
700 1# - ADDED ENTRY--PERSONAL NAME
Personal name Smith, Julian C.
700 1# - ADDED ENTRY--PERSONAL NAME
Personal name Harriott, Peter.
942 ## - ADDED ENTRY ELEMENTS (KOHA)
Koha item type General Book
Holdings
Source of classification or shelving scheme Damaged status Lost status Location (home branch) Koha item type Koha full call number Shelving location Koha date last borrowed Koha normalized classification for sorting Sublocation or collection (holding branch) Koha date last seen Price effective from Piece designation (barcode) Not for loan Koha issues (times borrowed) Date acquired Copy number Withdrawn status
   Central Library, BUETGeneral Book660.2842/MCC/1985Circulation section 660_000000000000000_2842MCC198Central Library, BUET2016-10-232014-11-0572739  2014-11-051 
   Central Library, BUETGeneral Book660.2842/MCC/1985Circulation section 660_000000000000000_2842MCC198Central Library, BUET2014-11-052014-11-0577549  2014-11-052 
   Central Library, BUETGeneral Book660.2842/MCC/1985Circulation section2018-11-14660_000000000000000_2842MCC198Central Library, BUET2018-12-042014-11-0577550 22014-11-053 
   Central Library, BUETReading Item660.2842/MCC/1985Reading section 660_284200000000000_MCC_1985Central Library, BUET2015-07-012015-07-0168731  2015-07-014 
   Central Library, BUETRental Item660.2842 MCC/1985Rental section 660_284200000000000_MCC_1985Central Library, BUET2024-11-252024-11-2573910  1989-06-27৪/ক-১ 
   Central Library, BUETRental Item660.2842 MCC/1985Rental section 660_284200000000000_MCC_1985Central Library, BUET2024-11-252024-11-2573911  1989-06-27৪/ক-২ 
   Central Library, BUETRental Item660.2842 MCC/1985Rental section 660_284200000000000_MCC_1985Central Library, BUET2024-11-252024-11-2573912  1989-06-27৪/ক-৩ 
   Central Library, BUETRental Item660.2842 MCC/1985Rental section 660_284200000000000_MCC_1985Central Library, BUET2024-11-252024-11-2573913  1989-06-27৪/ক-৪ 
   Central Library, BUETRental Item660.2842 MCC/1985Rental section 660_284200000000000_MCC_1985Central Library, BUET2024-11-252024-11-2573914  1989-06-27৪/ক-৫ 
   Central Library, BUETRental Item660.2842 MCC/1985Rental section 660_284200000000000_MCC_1985Central Library, BUET2024-11-252024-11-2573915  1989-06-27৪/ক-৬ 
   Central Library, BUETRental Item660.2842 MCC/1985Rental section 660_284200000000000_MCC_1985Central Library, BUET2024-11-252024-11-2573916  1989-06-27৪/ক-৭ 
   Central Library, BUETRental Item660.2842 MCC/1985Rental section 660_284200000000000_MCC_1985Central Library, BUET2024-11-252024-11-2573917  1989-06-27৪/ক-৮ 
   Central Library, BUETRental Item660.2842 MCC/1985Rental section 660_284200000000000_MCC_1985Central Library, BUET2024-11-252024-11-2573918  1989-06-27৪/ক-৯ 
   Central Library, BUETRental Item660.2842 MCC/1985Rental section 660_284200000000000_MCC_1985Central Library, BUET2024-11-252024-11-2573919  1989-06-27৪/ক-১০ 
   Central Library, BUETRental Item660.2842 MCC/1985Rental section 660_284200000000000_MCC_1985Central Library, BUET2024-11-252024-11-2573934  1989-06-27৪/ক-২৫ 
   Central Library, BUETRental Item660.2842 MCC/1985Rental section 660_284200000000000_MCC_1985Central Library, BUET2024-11-252024-11-2573935  1989-06-27৪/ক-২৬